Billboard Top 100 2022 - Statistics

General Stats
  • This quiz has been taken 410 times
  • The average score is 17 of 100
Answer Stats
Number Artist Song % Correct
2 Harry Styles As It Was
81%
1 Glass Animals Heat Waves
76%
3 The Kid LAROI & Justin Bieber Stay
74%
4 Adele Easy On Me
59%
28 Steve Lacy Bad Habit
51%
6 Jack Harlow First Class
49%
23 Kate Bush Running Up That Hill (A Deal With God)
48%
16 Lil Nas X & Jack Harlow Industry Baby
45%
31 Olivia Rodrigo good 4 u
44%
12 Lizzo About Damn Time
43%
17 GAYLE abcdefu
41%
10 Elton John & Dua Lipa Cold Heart (PNAU Remix)
39%
90 Doja Cat ft SZA Kiss Me More
34%
98 Sam Smith & Kim Petras Unholy
34%
5 Ed Sheeran Shivers
32%
15 Imagine Dragons X JID Enemy
31%
42 Dua Lipa Levitating
31%
24 Carolina Gaitan..., Encanto Cast We Don't Talk About Bruno
31%
65 Mariah Carey All I Want For Christmas Is You
30%
21 Doja Cat Woman
30%
40 The Weeknd & Ariana Grande Save Your Tears
29%
13 Ed Sheeran Bad Habits
28%
7 Latto Big Energy
28%
51 Dove Cameron Boyfriend
25%
26 Post Malone ft. Doja Cat I Like You (A Happier Song)
24%
8 Justin Bieber Ghost
23%
62 Megan Thee Stallion & Dua Lipa Sweetest Pie
23%
38 Beyonce Break My Soul
22%
56 Nicki Minaj Super Freaky Girl
20%
14 Lil Nas X Thats What I Want
20%
52 Joji Glimpse Of Us
19%
37 OneRepublic I Ain't Worried
19%
25 Harry Styles Late Night Talking
19%
66 Camila Cabello ft Ed Sheeran Bam Bam
18%
11 Future ft. Drake & Tems Wait For U
18%
33 Drake ft 21 Savage Jimmy Cooks
17%
18 Doja Cat Need To Know
17%
29 Nicky Youre & dazy Sunroof
17%
45 Doja Cat & The Weeknd You Right
16%
76 Taylor Swift All Too Well (Taylor's Version)
15%
74 THE ANXIETY: WILLOW & Tyler Cole Meet Me At Our Spot
14%
80 Brenda Lee Rockin' Around The Christmas Tree
14%
9 Kodak Black Super Gremlin
14%
73 NEIKED X Mae Muller X Polo G Better Days
13%
72 Adele Oh My God
13%
35 Walker Hayes Fancy Like
12%
32 Em Beihold Numb Little Bug
12%
30 Post Malone & The Weeknd One Right Now
12%
94 Tate McRae She's All I Wanna Be
12%
41 Silk Sonic Smokin Out The Window
12%
22 Bad Bunny Titi Me Pregunto
11%
75 Lauren Spencer-Smith Fingers Crossed
10%
68 Doja Cat Get Into It (Yuh)
10%
60 Drake ft 21 Savage & Project Pat Knife Talk
10%
53 Jessica Darrow Surface Pressure
10%
47 Doja Cat Vegas
10%
50 SZA I Hate U
9%
48 Gunna & Future ft Young Thug Pushin P
9%
39 Zach Bryan Something In The Orange
9%
89 Burl Ives A Holly Jolly Christmas
8%
81 Lil Durk ft Morgan Wallen Broadway Girls
8%
86 Bobby Helms Jingle Bell Rock
8%
20 Bad Bunny & Chencho Corleone Me Porto Bonito
8%
27 Morgan Wallen You Proof
8%
64 Wizkid ft Justin Bieber & Tems Essence
7%
57 Muni Long Hrs And Hrs
7%
59 Becky G X Karol G MAMIII
7%
19 Morgan Wallen Wasted On You
7%
55 CKay Love Nwantiti (Ah Ah Ah)
6%
44 Bad Bunny Moscow Mule
6%
70 Bailey Zimmerman Rock And A Hard Place
6%
61 Walker Hayes AA
5%
87 Bad Bunny & Bomba Estereo Ojitos Lindos
5%
77 Bad Bunny & Rauw Alejandro Party
5%
63 Karol G Provenza
5%
83 Lil Durk ft Gunna What Happened To Virgil
5%
69 Bad Bunny Efecto
4%
54 Bailey Zimmerman Fall In Love
4%
96 ERNEST ft Morgan Wallen Flower Shops
4%
46 Cole Swindell She Had Me At Heads Carolina
4%
36 Luke Combs The Kind Of Love We Make
4%
34 Cody Johnson 'Til You Can't
4%
97 JNR CHOI & Sam Tompkins To The Moon!
4%
79 Chris Stapleton You Should Probably Leave
4%
67 Tyler Hubbard 5 Foot 9
3%
49 Jordan Davis ft Luke Bryan Buy Dirt
3%
100 Maren Morris Circles Around This Town
3%
93 Scotty McCreery Damn Strait
3%
78 Bad Bunny Despues de La Playa
3%
43 Lil Baby In A Minute
3%
95 Jon Pardi Last Night Lonely
3%
85 Kane Brown Like I Love Country Music
3%
92 Cole Swindell / Lainey Wilson Never Say Never
3%
84 Future Puffin On Zootiez
3%
58 Morgan Wallen Sand In My Boots
3%
91 Russell Dickerson & Jake Scott She Likes It
3%
82 Parmalee Take My Name
3%
71 Luke Combs Doin' This
2%
99 Kane Brown One Mississippi
2%
88 Jason Aldean Trouble With A Heartbreak
2%
No matching quizzes found
Score Distribution
Percent of People with Each Score
Percentile by Number Answered
Your Score History
You have not taken this quiz